[Event "AUTO-MASTER-2088"]
[Site "http://www.queenalice.com/game.php?id=1316208"]
[Date "2014.10.18"]
[Round "2"]
[White "expectnomercy"]
[Black "CCapivara"]
[Result "1-0"]
[WhiteElo "2181"]
[BlackElo "2128"]

1. e4 d6 2. d4 Nf6 3. Nc3 c6 4. Nf3 Bg4 5. Be2 Nbd7 6. O-O e5 7. Be3 Be7 8. Nd2
Bxe2 9. Qxe2 O-O 10. Rad1 Qc7 11. Nb3 Rac8 12. f4 exf4 13. Bxf4 a5 14. Rf3 b5
15. Rg3 Kh8 16. Qf3 a4 17. Nd2 Qa7 18. Ne2 c5 19. Be3 a3 20. b3 b4 21. Kh1 cxd4
22. Nxd4 Qb7 23. Qf5 Rc3 24. Qg5 Rg8 25. Nf5 Bf8 26. Rc1 Nxe4 27. Nxe4 Qxe4 28.
Nh6 Ne5 29. Qxe5 1-0

[Event "AUTO-MASTER-2088"]
[Site "http://www.queenalice.com/game.php?id=1316209"]
[Date "2014.10.18"]
[Round "2"]
[White "CCapivara"]
[Black "expectnomercy"]
[Result "1/2-1/2"]
[WhiteElo "2115"]
[BlackElo "2197"]

1. e4 e5 2. f4 exf4 3. Nf3 d6 4. Bc4 Be6 5. Qe2 g6 6. Bxe6 fxe6 7. Qb5+ Nd7 8.
Qxb7 Qc8 9. Qb3 Nc5 10. Qc4 Bh6 11. O-O Nf6 12. e5 Nd5 13. Nc3 Nxc3 14. dxc3 O-O
15. Nd4 Qd7 16. exd6 cxd6 17. b4 Na4 18. Qxe6+ Qxe6 19. Nxe6 Rfe8 20. Nxf4 Bg7
21. Nd5 Rac8 22. Bf4 Nxc3 23. Nxc3 Rxc3 24. Rad1 Rxc2 25. Rf2 Ree2 26. Rxe2 Rxe2
27. a4 Be5 28. Bxe5 Rxe5 29. Rxd6 Re4 30. Rd7 Rxb4 31. Rxa7 Rb2 32. a5 Ra2 33.
a6 Kh8 34. h4 Kg8 35. Kh2 Ra3 36. g3 h5 37. Kg2 Kh8 38. Kf2 Kg8 39. Ra8+ Kg7 40.
a7 Kh7 1/2-1/2

[Event "Challenge"]
[Site "http://www.queenalice.com/game.php?id=1324640"]
[Date "2014.11.27"]
[Round "-"]
[White "expectnomercy"]
[Black "Aspayne"]
[Result "1-0"]
[WhiteElo "2191"]
[BlackElo "1976"]

1. e4 c6 2. d4 d5 3. Nc3 dxe4 4. Nxe4 Nd7 5. Nf3 Ngf6 6. Ng3 e6 7. Bd3 Qb6 8.
O-O Bd6 9. Ne2 O-O 10. c4 c5 11. b3 e5 12. dxe5 Nxe5 13. Nxe5 Bxe5 14. Rb1 Rd8
15. Qc2 g6 16. Bf4 Rxd3 17. Bxe5 Bf5 18. Qb2 Ne8 19. Rbc1 Rad8 20. Nf4 Rd2 21.
Qa3 Qc6 22. Nd5 Be4 23. Ne7+ 1-0

[Event "szybkielanie"]
[Site "http://www.queenalice.com/game.php?id=1326459"]
[Date "2014.12.6"]
[Round "1"]
[White "Gosiulkaa"]
[Black "expectnomercy"]
[Result "0-1"]
[WhiteElo "1981"]
[BlackElo "2195"]

1. e4 e5 2. Nf3 Nc6 3. Bc4 Bc5 4. c3 Nf6 5. d4 exd4 6. cxd4 Bb4+ 7. Nc3 Nxe4 8.
O-O Bxc3 9. bxc3 O-O 10. Qd3 Nf6 11. Bg5 d6 12. Rab1 Na5 13. Bb3 Nxb3 14. axb3
Bg4 15. h3 Bh5 16. Rbe1 Bg6 17. Qc4 c6 18. Qb4 b6 19. Qc4 Rc8 20. Re2 d5 21. Qa6
Rc7 22. Rfe1 Qd6 23. Ne5 Bf5 24. g4 Bc8 25. Qd3 Ne4 26. Bh4 f6 27. Nf3 g5 28.
Bg3 Nxg3 29. fxg3 Qxg3+ 30. Rg2 Qxh3 31. Ree2 Bxg4 32. Re3 Bxf3 33. Rxf3 Qe6 34.
Rh3 Rff7 35. Re2 Qd7 36. Qf3 g4 37. Qg3 Rg7 38. Rh6 Rg6 39. Rh4 f5 40. Re5 Rc8
41. Qf4 Rf8 42. Rh5 Rgf6 43. Rg5+ Kh8 44. Rh5 a5 45. Kf2 Qf7 46. Rh4 Qg6 47. Kg3
h6 48. Rh1 Kg7 49. Re7+ R8f7 50. Re8 Re6 51. Rxe6 Qxe6 52. c4 Re7 53. Kh4 Qe4
54. Qd6 Qxh1+ 0-1

[Event "szybkielanie"]
[Site "http://www.queenalice.com/game.php?id=1340149"]
[Date "2015.2.8"]
[Round "2"]
[White "expectnomercy"]
[Black "Alain91"]
[Result "1/2-1/2"]
[WhiteElo "2194"]
[BlackElo "2218"]

1. e4 e5 2. Nf3 Nf6 3. Nc3 Nc6 4. d4 Bb4 5. d5 Ne7 6. Bd3 c6 7. dxc6 Bxc3+ 8.
bxc3 Nxc6 9. O-O O-O 10. Bg5 Qe7 11. Re1 d6 12. Bc4 Be6 13. Bb3 Bxb3 14. cxb3
Qe6 15. c4 Nd7 16. Qd2 f6 17. Bh4 a5 18. Rad1 a4 19. Qxd6 Qxd6 20. Rxd6 Nc5 21.
Re3 axb3 22. axb3 Nxb3 23. h3 Nc5 24. Nd2 Rfd8 25. Rd5 b6 26. f3 Nb4 27. Rxd8+
Rxd8 28. Re2 Nbd3 29. Nf1 Nc1 30. Rc2 Rd1 31. Rd2 Rxd2 1/2-1/2

[Event "szybkielanie"]
[Site "http://www.queenalice.com/game.php?id=1352192"]
[Date "2015.4.7"]
[Round "3"]
[White "silverado"]
[Black "expectnomercy"]
[Result "0-1"]
[WhiteElo "1939"]
[BlackElo "2195"]

1. d4 d5 2. Nf3 Nf6 3. Bf4 c5 4. c3 e6 5. Ne5 Nbd7 6. Qa4 Be7 7. e3 O-O 8. Bb5
Nxe5 9. Bxe5 Qb6 10. dxc5 Qxc5 11. Bd4 Qc7 12. Bd3 Bd7 13. Qc2 e5 14. Bxe5 Qxe5
15. O-O Bd6 16. g3 Bh3 17. Re1 Rac8 18. f4 Qh5 19. Be2 Bg4 20. Bxg4 Qxg4 21. Qg2
Rfe8 22. h3 Qe6 23. Nd2 Bc5 24. Nf1 Qb6 25. Qf3 Re4 26. b4 Bf8 27. Rad1 Rec4 28.
Rd3 Rxc3 29. Rxc3 Rxc3 30. g4 Qxb4 31. Nd2 Rc2 32. g5 Qxd2 33. Qg3 Ne4 0-1

[Event "Challenge"]
[Site "http://www.queenalice.com/game.php?id=1353652"]
[Date "2015.4.14"]
[Round "-"]
[White "Jerzy"]
[Black "expectnomercy"]
[Result "1-0"]
[WhiteElo "2169"]
[BlackElo "2199"]

1. d4 Nf6 2. Nf3 d5 3. c4 c6 4. e3 Nbd7 5. Nc3 e6 6. Bd3 Be7 7. O-O O-O 8. a3
dxc4 9. Bxc4 b6 10. e4 Bb7 11. e5 Nd5 12. Nxd5 exd5 13. Bd3 Re8 14. Bf4 Nf8 15.
Rc1 Ne6 16. Be3 f6 17. Re1 fxe5 18. Nxe5 Qd6 19. Qh5 Nf8 20. Bxh7+ Nxh7 21. Qf7+
Kh8 22. Ng6+ 1-0

[Event "Challenge"]
[Site "http://www.queenalice.com/game.php?id=1353653"]
[Date "2015.4.14"]
[Round "-"]
[White "expectnomercy"]
[Black "Jerzy"]
[Result "0-1"]
[WhiteElo "2199"]
[BlackElo "2189"]

1. e4 c5 2. Nf3 d6 3. d4 cxd4 4. Nxd4 Nf6 5. Nc3 a6 6. Be2 e5 7. Nb3 Be7 8. Be3
O-O 9. O-O Be6 10. f4 exf4 11. Bxf4 Nbd7 12. Kh1 Ne5 13. Nd4 Qd7 14. Nxe6 Qxe6
15. Qd4 Nc6 16. Qc4 Qxc4 17. Bxc4 Ne5 18. Bb3 Nh5 19. Nd5 Bd8 20. Be3 Nf6 21.
Nxf6+ Bxf6 22. Rad1 Rac8 23. Bd4 b5 24. Rf3 Nxf3 25. Bxf6 Ne5 26. Bg5 Nc4 27.
Bc1 Rfe8 0-1

[Event "AUTO-MASTER-2135"]
[Site "http://www.queenalice.com/game.php?id=1359380"]
[Date "2015.5.14"]
[Round "2"]
[White "expectnomercy"]
[Black "Franzel"]
[Result "0-1"]
[WhiteElo "2194"]
[BlackElo "2415"]

1. e4 c5 2. Nf3 e6 3. d4 cxd4 4. Nxd4 a6 5. Nc3 Qc7 6. Bd3 Nf6 7. O-O Nc6 8. Nb3
Be7 9. Be3 b5 10. a3 d6 11. f4 O-O 12. Qf3 Bb7 13. Rad1 Rac8 14. Ne2 Rfd8 15.
Ng3 g6 16. Nd4 Nxd4 17. Bxd4 h5 18. h3 Rd7 19. Qf2 h4 20. Ne2 Nxe4 21. Qe3 Qc6
22. Qf3 f5 23. Rfe1 Nc5 24. Qxc6 Bxc6 25. Nc3 Nxd3 26. Rxd3 Kf7 27. Rde3 e5 28.
fxe5 dxe5 29. Bb6 Rb8 0-1

[Event "AUTO-MASTER-2135"]
[Site "http://www.queenalice.com/game.php?id=1359381"]
[Date "2015.5.14"]
[Round "2"]
[White "Franzel"]
[Black "expectnomercy"]
[Result "1-0"]
[WhiteElo "2422"]
[BlackElo "2199"]

1. c4 c5 2. Nc3 Nc6 3. d3 g6 4. e4 Bg7 5. Be2 e6 6. Nf3 Nge7 7. Bf4 a6 8. Bd6
O-O 9. Qd2 b6 10. h4 Bb7 11. h5 Re8 12. O-O-O Nc8 13. Bf4 d6 14. Bh6 Bh8 15. Rh3
Ra7 16. Rdh1 Ba8 17. Ng5 Nd4 18. Nxh7 Nxe2+ 19. Nxe2 f5 20. Bg5 Qd7 21. hxg6 1-0

[Event "szybkielanie"]
[Site "http://www.queenalice.com/game.php?id=1366476"]
[Date "2015.6.19"]
[Round "4"]
[White "expectnomercy"]
[Black "pioki"]
[Result "1-0"]
[WhiteElo "2196"]
[BlackElo "2037"]

1. e4 c5 2. Nf3 Nc6 3. d4 cxd4 4. Nxd4 Qb6 5. Nb3 Nf6 6. Nc3 e6 7. Be3 Qd8 8.
Be2 a6 9. O-O Be7 10. f4 d6 11. a3 O-O 12. Qe1 Bd7 13. Rd1 Qc7 14. Qg3 Rfd8 15.
f5 Kh8 16. Nd2 Ne5 17. Rf4 1-0

[Event "Let's Play Chess!"]
[Site "http://www.queenalice.com/game.php?id=1400431"]
[Date "2015.12.26"]
[Round "-"]
[White "expectnomercy"]
[Black "jizaias"]
[Result "0-1"]
[WhiteElo "2202"]
[BlackElo "2239"]

1. e4 b6 2. d4 Bb7 3. Nc3 g6 4. Nf3 h6 5. Bc4 Bg7 6. O-O a6 7. a4 Nf6 8. Re1 d5
9. exd5 Nxd5 10. Nxd5 Bxd5 11. Bxd5 Qxd5 12. Bf4 Qd7 13. Qe2 Nc6 14. Rad1 O-O
15. c3 e6 16. Ne5 Nxe5 17. Bxe5 Qxa4 18. Bxc7 Qc6 19. Bf4 Rfe8 20. Qd2 Kh7 21.
Qc1 Rec8 22. Rd3 Qe8 23. Qd2 Ra7 24. Rh3 h5 25. g4 Qd7 26. gxh5 e5 27. hxg6+ Kg8
28. gxf7+ Kxf7 29. Rg3 exf4 30. Qxf4+ Kg8 31. Rge3 Rf8 32. Qg5 Qf7 33. R1e2 Qf6
34. Qg4 Qf7 35. Qg5 b5 36. Re7 Rxe7 37. Qxe7 Qg6+ 38. Kh1 Qf5 39. Qe3 Qd5+ 40.
Kg1 b4 41. Re1 a5 42. Qd3 a4 43. Ra1 a3 44. bxa3 bxc3 45. Rd1 Rf4 46. Qxc3 Rg4+
47. Kf1 Qg2+ 48. Ke2 Re4+ 49. Kd3 Rxd4+ 50. Qxd4 Bxd4 0-1

[Event "Let's Play Chess!"]
[Site "http://www.queenalice.com/game.php?id=1400432"]
[Date "2015.12.26"]
[Round "-"]
[White "patoche"]
[Black "expectnomercy"]
[Result "1-0"]
[WhiteElo "2630"]
[BlackElo "2203"]

1. d4 Nf6 2. c4 e6 3. Nf3 b6 4. g3 Bb7 5. Bg2 Be7 6. O-O O-O 7. Re1 c5 8. d5
exd5 9. Nh4 Na6 10. cxd5 d6 11. Nf5 Nc7 12. e4 Re8 13. e5 Nfxd5 14. exd6 Bxd6
15. Rxe8+ Nxe8 16. Bxd5 Be5 17. Nh6+ gxh6 18. Qg4+ Ng7 19. Bxb7 Rb8 20. Be4 Qf6
21. Nc3 Bxc3 22. bxc3 Qxc3 23. Rb1 Qf6 24. Qf4 Qxf4 25. Bxf4 Re8 26. Bf3 Re6 27.
Rd1 1-0

[Event "Let's Play Chess!"]
[Site "http://www.queenalice.com/game.php?id=1406179"]
[Date "2016.1.26"]
[Round "-"]
[White "expectnomercy"]
[Black "madriles"]
[Result "1-0"]
[WhiteElo "2206"]
[BlackElo "2060"]

1. e4 c5 2. Nf3 d6 3. d4 Nc6 4. d5 Nb8 5. Be2 Nf6 6. Nc3 g6 7. O-O Bg7 8. Bg5
O-O 9. Qd2 b6 10. Rfe1 Qe8 11. Bh6 Ng4 12. Bxg7 Kxg7 13. Qg5 h6 14. Qd2 f5 15.
h3 Nf6 16. e5 dxe5 17. Nxe5 Nbd7 18. Bb5 a6 19. Bc6 Rb8 20. Re2 Bb7 21. Rae1 Qc8
22. Bxb7 Rxb7 23. Nc6 Nb8 24. Rxe7+ Rxe7 25. Rxe7+ Rf7 26. Rxf7+ Kxf7 27. Ne5+
Kg7 28. Qd3 Qe8 29. Nf3 Nfd7 30. Kf1 Nf6 31. Nd2 b5 32. a3 Qe5 33. b4 c4 34. Qe3
Qxe3 35. fxe3 Nbd7 36. e4 fxe4 37. Ndxe4 Kf7 38. Nc5 Ke7 39. Nxa6 Nb6 40. Nxb5
Nfxd5 41. Ke2 Nf4+ 42. Kf3 g5 43. Nc5 Nd7 44. Nxd7 Kxd7 45. Nd4 Nd5 46. Nf5 h5
47. Ne3 c3 48. Nxd5 1-0

[Event "Let's Play Chess!"]
[Site "http://www.queenalice.com/game.php?id=1406180"]
[Date "2016.1.26"]
[Round "-"]
[White "madriles"]
[Black "expectnomercy"]
[Result "0-1"]
[WhiteElo "2079"]
[BlackElo "2198"]

1. d4 Nf6 2. c4 e6 3. e3 b6 4. Nc3 Bb7 5. Nf3 Bb4 6. a3 Bxc3+ 7. bxc3 O-O 8. Bd3
Nc6 9. O-O Ba6 10. e4 d6 11. Bg5 e5 12. d5 Na5 13. Nd2 h6 14. Bh4 g5 15. Bg3 Qd7
16. f3 Nh5 17. Bf2 Nf4 18. Qc2 c6 19. g3 Nxd3 20. Qxd3 Rac8 21. Be3 cxd5 22.
exd5 Nxc4 23. Ne4 Kg7 24. Rf2 Nxe3 25. Qxe3 Qe7 26. Rg2 f5 27. Nd2 Rc5 28. f4
Rxd5 29. fxg5 Qxg5 30. Qxg5+ hxg5 31. Nf3 Kg6 32. Rd2 Rxd2 33. Nxd2 e4 34. Re1
Rc8 35. Rc1 d5 36. Nb3 Kf6 37. Nd4 Ke5 38. Kf2 f4 39. gxf4+ gxf4 40. h4 Kf6 41.
Ne2 Kf5 42. Nd4+ Kg4 43. Ne6 e3+ 0-1

[Event "Let's Play Chess!"]
[Site "http://www.queenalice.com/game.php?id=1456516"]
[Date "2016.12.26"]
[Round "-"]
[White "expectnomercy"]
[Black "bobrich18"]
[Result "0-1"]
[WhiteElo "2214"]
[BlackElo "2298"]

1. e4 e5 2. Nf3 Nf6 3. Nc3 Nc6 4. d4 exd4 5. Nxd4 Nxd4 6. Qxd4 d6 7. Bf4 Be7 8.
Bc4 O-O 9. O-O Be6 10. Rad1 Nh5 11. Be3 Bf6 12. Qd3 Qd7 13. f4 Bxc4 14. Qxc4 Qc6
15. Qxc6 bxc6 16. Bd4 Rfb8 17. b3 Re8 18. Bxf6 Nxf6 19. Rfe1 Re6 20. Rd4 h6 21.
h3 Nh5 22. Rf1 a5 23. Ra4 Ree8 24. Kh2 Nf6 25. Rf2 d5 26. e5 Nd7 27. Rd4 f6 28.
exf6 Nxf6 29. Re2 c5 30. Ra4 d4 31. Rxe8+ Rxe8 32. Nb5 Re2 33. Rc4 c6 34. Nc7
Ne4 35. Na6 Nd2 36. Rxc5 Nf3+ 37. Kg3 Ne1 38. Rxc6 Rxg2+ 39. Kh4 g6 40. Rc8+ Kf7
41. Rc7+ Ke8 42. Rc8+ Kd7 43. Rc7+ Kd8 0-1

[Event "Let's Play Chess!"]
[Site "http://www.queenalice.com/game.php?id=1456517"]
[Date "2016.12.26"]
[Round "-"]
[White "bobrich18"]
[Black "expectnomercy"]
[Result "1-0"]
[WhiteElo "2313"]
[BlackElo "2214"]

1. d4 Nf6 2. Nf3 d5 3. e3 c5 4. b3 e6 5. Bd3 Nc6 6. a3 Bd6 7. Bb2 O-O 8. O-O b6
9. Ne5 Qc7 10. f4 cxd4 11. exd4 Bd7 12. Nd2 a5 13. c4 Ne7 14. Rc1 dxc4 15. Ndxc4
Qb8 16. Qf3 Ra7 17. Qh3 Ned5 18. g4 g6 19. Nxd6 Qxd6 20. Qh6 Rd8 21. g5 Nh5 22.
Nxf7 Qe7 23. Nxd8 Qxd8 24. Rf3 Be8 25. Be4 Ndxf4 26. Re1 Qd6 27. d5 e5 28. Rfe3
Re7 29. Bf3 Qc5 30. d6 Re6 31. a4 Nd3 32. Ba3 Qd4 33. d7 Ng7 34. d8=Q Qxd8 35.
Rd1 Qd4 36. Rxd3 Qa1+ 37. Kf2 Qxa3 38. Bd5 Qd6 39. Rh3 Nh5 40. Bxe6+ Qxe6 41.
Rxh5 1-0